Statistics for Countries who mention themselves the most on wikipedia

Click here to take the quiz!

General Stats

  • This quiz has been taken 24 times
  • The average score is 6 of 20

Answer Stats

mentionsAnswer% Correct
943China
91%
983Russia
91%
1067Iran
48%
1275Israel
48%
983Taiwan
39%
1199Pakistan
35%
1009Vietnam
35%
109Democratic Republic
of the Congo
30%
62Republic of the Congo
30%
937Estonia
17%
67Saint Kitts and Nevis
17%
63Saint Vincent and the
Grenadines
17%
146Antigua and Barbuda
13%
1074Lithuania
13%
160Saint Lucia
13%
161East Timor
9%
154eSwatini
9%
65Federated States of
Micronesia
9%
162Ivory Coast
9%
1038Kuwait
9%

Score Distribution

Percentile by Number Answered

Percent of People with Each Score

Your Score History

You have not taken this quiz